Statistics for Mario's Madness V2 OST

Click here to take the quiz!

General Stats

  • This quiz has been taken 96 times
  • The average score is 16 of 28

Answer Stats

WorldAnswer% Correct
Story ModeIt's-A-Me
98%
Story ModeStarman Slaughter
94%
Irregularity IsleSo Cool
87%
Irregularity IsleNourishing Blood
79%
Woodland of LiesI Hate You
64%
Woodland of LiesOh God No
62%
Woodland of LiesAlone
57%
Woodland of LiesDark Forest
57%
Woodland of LiesLast Course
57%
Content CosmosBad Day
55%
Content CosmosDay Out
55%
Hellish HeightsPowerdown
55%
...All Stars
53%
Woodland of LiesApparition
53%
Hellish HeightsDemise
53%
Hellish HeightsGolden Land
51%
Hellish HeightsNo Party
51%
Classified CastlePromotion
51%
Hellish HeightsUnbeatable
51%
Content CosmosDictator
49%
Content CosmosNo Hope
49%
Hellish HeightsParanoia
49%
Content CosmosRace Traitors
49%
Woodland of LiesThalassophobia
49%
Hellish HeightsOverdue
47%
Classified CastleThe End
47%
Classified CastleAbandoned
45%
Irregularity IsleMario Game and Rythm 9
9%

Score Distribution

Percentile by Number Answered

Percent of People with Each Score

Your Score History

You have not taken this quiz